| 000 | 00421nam a2200133 4500 | ||
|---|---|---|---|
| 999 |
_c6412 _d6412 |
||
| 008 | 150924b xxu||||| |||| 00| 0 eng d | ||
| 020 | _a8121914310 | ||
| 050 | _aT 353 .D53 2014 | ||
| 100 |
_aDhawan, R. K. _d2014. |
||
| 245 |
_aA Textbook of Engineering drawing/ _cR. K. Dhawan. |
||
| 260 |
_aNewDelhi: _bS.Chand & company ltd, _c2014. |
||
| 300 |
_axii,673p. _bill.; _c24CM |
||
| 650 | _aEngineering drawing. | ||
| 942 |
_2lcc _cBOOKS _hT 353 .D53 2014 _01 |
||